The answer ends with a B - Statistics

General Stats
  • This quiz has been taken 33 times
  • The average score is 8 of 15
Answer Stats
Hint Answer % Correct
What you have to do to ascend a mountain Climb
86%
Swedish car company Saab
82%
You keep your hair tidy with it Comb
77%
The root of a Tulip or daffodil Bulb
68%
Eight legged sea creature Crab
68%
Long stalked plant who's sweetened stalks are eaten in pies and crumbles Rhubarb
64%
Alternate word for cot Crib
59%
Singer and songwriter who, with his brothers, wrote songs for Diana Ross, Dionne Warwick & Barbra Streisand Barry Gibb
50%
The 'local' Pub
50%
The ... Sci-Fi film starring Steve McQueen Blob
36%
Actor who played TV detective Monk Tony Shaloub
32%
English actor, sometime comedy partner of David Mitchell Robert Webb
27%
Real last name of singer Gary Numan Webb
27%
German celebrity, former chat show host and 2000 Eurovision Song Contest entrant for Germany Stefan Raab
23%
The .... 1990's hit single for The Bucketheads Bomb
18%
No matching quizzes found
Score Distribution
Percent of People with Each Score
Percentile by Number Answered
Your Score History
You have not taken this quiz